| 000 | 01397cam a22003613a 4500 | ||
|---|---|---|---|
| 001 | 13830 | ||
| 003 | PGUSA | ||
| 005 | 20140828083309.0 | ||
| 008 | 041022s2004||||xxu|||||s|||||000 p eng d | ||
| 040 |
_aPGUSA _beng |
||
| 042 | _adc | ||
| 050 | 4 | _aPS | |
| 100 | 1 |
_aLongfellow, Henry Wadsworth, _d1807-1882 |
|
| 245 | 1 | 4 |
_aThe Wreck of the Hesperus _h[electronic resource] / _cHenry Wadsworth Longfellow |
| 260 |
_bProject Gutenberg, _c2004 |
||
| 500 | _a"Illustrations by H. Winthrop Pierce, Edmund H. Garrett, J.D. Woodward, W.F. Halsall, W.L. Taylor, A. Buhler, H.P. Barnes, A.J. Lewis. Drawn and engraved under the supervision of George T. Andrew"--Page [6] | ||
| 506 | _aPublic domain in the USA. | ||
| 516 | _aElectronic text | ||
| 653 | _aHesperus (Ship) -- Poetry | ||
| 653 | _aShipwrecks -- Massachusetts -- Poetry | ||
| 700 | 1 |
_aBarnes, Hiram P. _q(Hiram Putnam) |
|
| 700 | 1 |
_aPierce, H. Winthrop _q(Herman Winthrop), _d1850- |
|
| 700 | 1 |
_aGarrett, Edmund H. _q(Edmund Henry), _d1853-1929 |
|
| 700 | 1 |
_aTaylor, William Ladd, _d1854-1926 |
|
| 700 | 1 |
_aBuhler, Augustus W. _q(Augustus Waldeck), _d1853-1920 |
|
| 700 | 1 | _aWoodward, J. D. | |
| 700 | 1 |
_aHalsall, William Formby, _d1841-1919 |
|
| 700 | 1 |
_aLewis, Arthur James, _d1824-1901 |
|
| 700 | 1 | _aAndrew, George T. | |
| 830 | 0 |
_aProject Gutenberg _v13830 |
|
| 856 | 4 | 0 | _uhttp://www.gutenberg.org/ebooks/13830 |
| 942 | _cEB | ||
| 999 |
_c243085 _d243085 |
||